| Tag |
First Indicator |
Second Indicator |
Subfields |
| LEADER |
00000cam a2200000 4500 |
| 001 |
in00003822821 |
| 005 |
20190415184243.0 |
| 006 |
m o d |
| 007 |
cr |n||||||||n |
| 008 |
820219s1741 enk|||| o 00| ||fre c |
| 035 |
|
|
|a (CU-RivES)T138022
|
| 035 |
|
|
|a (Uk-ES)006404919
|
| 035 |
|
|
|a (OCoLC)508906784
|
| 040 |
|
|
|a Uk-ES
|c Uk-ES
|d CU-RivES
|d CStRLIN
|d CU-RivES
|d Cengage Gale
|d UtOrBLW
|
| 050 |
|
4 |
|a PQ2080
|b .V658 1741
|
| 100 |
1 |
|
|a Voltaire,
|d 1694-1778.
|0 http://id.loc.gov/authorities/names/n80126267
|
| 245 |
1 |
3 |
|a La henriade :
|b De M. de Voltaire. Avec des remarques, & les differences qui se trouvent dans les diverses editions de ce poëme.
|
| 246 |
3 |
|
|a La ligue ou Henri le Grand
|
| 264 |
|
1 |
|a Londres :
|b [publisher not identified],
|c M.DCC.XLI. [1741]
|
| 300 |
|
|
|a 1 online resource (viii, 5 unnumbered pages, x-xxiv, cxxii, 202 pages, plates)
|
| 336 |
|
|
|a text
|b txt
|2 rdacontent
|
| 337 |
|
|
|a computer
|b c
|2 rdamedia
|
| 338 |
|
|
|a online resource
|b cr
|2 rdacarrier
|
| 500 |
|
|
|a With a half-title.
|
| 500 |
|
|
|a The original dedication in English interrupts the pagination and register of the preliminaries.
|
| 500 |
|
|
|a Includes the prefaces of 1730 and 1737, 'Traduction d'une lettre de M. Antoine Cocchi, .. à M. Rinuccini', 'Histoire abrégée des événemens sur lesquels est fondée .. la Henriade' and 'Idée de la Henriade'.
|
| 500 |
|
|
|a A reissue of the 1723 edition; both issues published in Paris by Gandouinches
|
| 510 |
4 |
|
|a Foxon,
|c V115
|
| 510 |
4 |
|
|a English Short Title Catalog,
|c T138022.
|
| 500 |
|
|
|a Reproduction of original from British Library.
|
| 500 |
|
|
|a Electronic resource.
|
| 600 |
0 |
0 |
|a Henry
|b IV,
|c King of France,
|d 1553-1610
|v Poetry.
|
| 655 |
|
7 |
|a Electronic books.
|2 local
|
| 710 |
2 |
|
|a Gale (Firm)
|0 http://id.loc.gov/authorities/names/no2008071348
|
| 752 |
|
|
|a France
|d Paris.
|
| 856 |
4 |
0 |
|u http://proxy.library.tamu.edu/login?url=http://find.galegroup.com/ecco/infomark.do?contentSet=ECCOArticles&docType=ECCOArticles&bookId=1606100600&type=getFullCitation&tabID=T001&prodId=ECCO&docLevel=TEXT_GRAPHICS&version=1.0&source=library&userGroupName=txshracd2898
|z Connect to the full text of this electronic book
|t 0
|
| 999 |
f |
f |
|s a892c94c-48df-3a3a-809e-9570223139f5
|i 557eb7ee-2501-348e-85a2-3d38c97b3ee2
|t 0
|
| 952 |
f |
f |
|a Texas A&M University
|b College Station
|c Electronic Resources
|d Available Online
|t 0
|e PQ2080 .V658 1741
|h Library of Congress classification
|
| 998 |
f |
f |
|a PQ2080 .V658 1741
|t 0
|l Available Online
|